Catálogo

CULTURA Y MODERNIZACION EN AMERICA LATINA ENSAYO : (Registro nro. 17988)

Detalles MARC
000 -LEADER
fixed length control field 00526nam a2200169 a 4500
001 - CONTROL NUMBER
control field 17988
005 - DATE AND TIME OF LATEST TRANSACTION
control field 20180713211210.0
008 - FIXED-LENGTH DATA ELEMENTS--GENERAL INFORMATION
fixed length control field 140415s1987 000 0 spa d
041 ## - LANGUAGE CODE
Language code of text/sound track or separate title spa
082 ## - DEWEY DECIMAL CLASSIFICATION NUMBER
Classification number 306.8
Item number MOR
100 1# - MAIN ENTRY--PERSONAL NAME
Personal name Morandé, Pedro.
245 10 - TITLE STATEMENT
Title CULTURA Y MODERNIZACION EN AMERICA LATINA ENSAYO :
Remainder of title SOCIOLOGICO ACERCA DE LA CRISIS DEL DESARROLLISMO Y DE ...
260 ## - PUBLICATION, DISTRIBUTION, ETC.
Place of publication, distribution, etc. [s.l.] :
Name of publisher, distributor, etc. ENCUENTRO,
Date of publication, distribution, etc. 1987
300 ## - PHYSICAL DESCRIPTION
Extent 187
490 ## - SERIES STATEMENT
Series statement ENSAYOS
Volume/sequential designation 36
650 14 - SUBJECT ADDED ENTRY--TOPICAL TERM
Topical term or geographic name entry element CULTURA
General subdivision AMERICA LATINA
-- SOCIOLOGIA
Existencias
Withdrawn status Lost status Source of classification or shelving scheme Damaged status Not for loan Collection code Home library Current library Shelving location Date acquired Source of acquisition Inventory number Total Checkouts Full call number Barcode Date last seen Date last checked out Price effective from Koha item type
    Dewey Decimal Classification     General Biblioteca Karol Wojtyla Biblioteca Karol Wojtyla Sala general 03/12/2013 Compra 151000000000000000053297   306.8 MOR 36348 05/01/2026 15/02/2016 03/12/2013 Libro